[Event "New York op"]
[Site "New York"]
[Date "1994.??.??"]
[Round "7"]
[White "Kreiman, Boris"]
[Black "Beckman, Thomas J"]
[Result "1-0"]
[WhiteElo "2425"]
[BlackElo "2220"]

1.e4 c5 2.Nf3 Nc6 3.Bb5 Qc7 4.O-O e5 5.c3 d6 6.d4 Bd7 7.d5 Nce7 8.Bxd7+ Qxd7
9.c4 g6 10.Nc3 h6 11.Be3 Nf6 12.Rb1 Nc8 13.b4 b6 14.bxc5 bxc5 15.Rb5 Be7
16.Qb3 Kf8 17.Rb7 Qe8 18.Rb1 Bd8 19.a4 Ba5 20.Nb5 Qd8 21.Bxc5 Nxe4 22.Nxe5 Kg8
23.Nxf7 Nxc5 24.Nxd8 Nxb3 25.Ne6 Rh7 26.Rxh7 Kxh7 27.Rxb3 Rb8 28.Kf1 a6 29.Nbd4 Rxb3
30.Nxb3 Bb4 31.a5 g5 32.Nc7 Kg6 33.Nxa6 Ba3  1-0

[Event "New York op"]
[Site "New York"]
[Date "1994.??.??"]
[Round "9"]
[White "Kreiman, Boris"]
[Black "Garcia, Gildardo"]
[Result "0-1"]
[WhiteElo "2425"]
[BlackElo "2520"]

1.e4 c5 2.Nf3 Nc6 3.Bb5 g6 4.O-O Bg7 5.c3 Nf6 6.e5 Nd5 7.d4 cxd4 8.cxd4 O-O
9.Nc3 Nc7 10.a4 a6 11.Bc4 d6 12.exd6 Qxd6 13.d5 Qb4 14.Qb3 Qxb3 15.Bxb3 Nb4
16.Bf4 Ne8 17.Ne5 Nd6 18.h3 Bf5 19.Rfd1 Rfd8 20.a5 Rac8 21.g4 Bc2 22.Bxc2 Nxc2
23.Rac1 Nb4 24.b3 Rc5 25.Rd4 Nb5 26.Rxb4 Rxc3 27.Rc4 Rxc1+ 28.Rxc1 Bxe5 29.Bxe5 f6
30.Bf4 Rxd5 31.Kg2 Kf7 32.Be3 h5 33.gxh5 Rxh5 34.b4 Rd5 35.Rc8 Rd7 36.Bc5 Nc7
37.Kf3 Nd5 38.Rb8 e5 39.Kg4 Nxb4 40.Bb6 Nc6 41.Rc8 Ne7  0-1

[Event "JUG-chT"]
[Site "Nis"]
[Date "1994.??.??"]
[Round "?"]
[White "Vratonjic, Slobodan"]
[Black "Brajovic, Radovan"]
[Result "1/2-1/2"]
[WhiteElo "2405"]
[BlackElo "2300"]

1.e4 c5 2.Nf3 Nc6 3.Bb5 e6 4.O-O Nge7 5.c3 a6 6.Ba4 b5 7.Bc2 Bb7 8.d4 cxd4
9.Nxd4 d5 10.Nxc6 Bxc6 11.e5 Qc7 12.Re1 Ng6 13.Qh5 Bc5 14.Nd2 Qb6 15.Rf1 d4
16.Ne4 dxc3 17.bxc3 Bxe4 18.Bxe4 Rc8  1/2-1/2

[Event "JUG-chT"]
[Site "Nis"]
[Date "1994.??.??"]
[Round "?"]
[White "Ristic, Nebojsa"]
[Black "Zivic, Dragan"]
[Result "1-0"]
[WhiteElo "2395"]
[BlackElo "2280"]

1.e4 c5 2.Nf3 Nc6 3.Bb5 g6 4.c3 Bg7 5.d4 cxd4 6.cxd4 Qb6 7.Nc3 Nxd4 8.Nd5 Nxf3+
9.Qxf3 Qd8 10.Bf4 e5 11.Qc3 Ne7 12.Nc7+ Qxc7 13.Qxc7 exf4 14.O-O-O Nc6 15.Bxc6 bxc6
16.Qd6 a5 17.Rhe1 Ra6 18.Kb1 a4 19.Re2 h6 20.h4 g5 21.Rh1 Rg8 22.hxg5 hxg5
23.Rh7 c5 24.Rxg7  1-0

[Event "JUG-chT"]
[Site "Nis"]
[Date "1994.??.??"]
[Round "?"]
[White "Vratonjic, Slobodan"]
[Black "Markovic, Miroslav"]
[Result "1/2-1/2"]
[WhiteElo "2405"]
[BlackElo "2495"]

1.e4 c5 2.Nf3 Nc6 3.Bb5 Nf6 4.Nc3 g6 5.Bxc6 dxc6 6.d3 Bg7 7.h3 Nd7 8.Be3 e5
9.O-O Qe7 10.Nh2 Nf8 11.Qd2 Ne6 12.Ne2 h6 13.c3 Bd7 14.f4 exf4 15.Nxf4 Rd8
16.Rfd1 b6 17.Nf3 Nxf4 18.Bxf4 g5 19.Bc7 Rc8 20.Bg3 O-O 21.Re1 Rcd8 22.Qf2 Be6
23.d4 cxd4 24.Nxd4 Qc5 25.Nxe6 Qxf2+ 26.Kxf2 fxe6+ 27.Ke2 e5 28.Rf1 Rd7 29.Rfd1 Rfd8
30.Rxd7 Rxd7 31.Rf1 Kh7 32.Rf5 Re7 33.Rf3 Rd7 34.Rf5 Re7 35.Bf2 Kg6 36.Rf3 Rd7
37.Rd3 Rxd3 38.Kxd3 g4 39.h4 g3 40.Bxg3 Kh5 41.Bf2 Bf6 42.g3 Kg4 43.Ke2 h5
44.a4 Bd8 45.b3 a6 46.c4 b5 47.cxb5 cxb5 48.axb5 axb5 49.Be1 Bb6 50.Bf2 Ba5
51.Ke3 Bb4 52.Ke2 Bc3 53.Ke3  1/2-1/2

[Event "JUG-chT"]
[Site "Nis"]
[Date "1994.??.??"]
[Round "?"]
[White "Vratonjic, Slobodan"]
[Black "Tosic, Miroslav"]
[Result "1-0"]
[WhiteElo "2405"]
[BlackElo "2445"]

1.e4 c5 2.Nf3 Nc6 3.Bb5 d6 4.O-O Bd7 5.c3 Nf6 6.Re1 e5 7.d4 Be7 8.dxc5 dxc5
9.Bg5 Qc7 10.a4 Rd8 11.Nbd2 O-O 12.Bxf6 Bxf6 13.Qc2 a6 14.Be2 Rb8 15.Nc4 b5
16.Ne3 Ne7 17.axb5 axb5 18.c4 bxc4 19.Bxc4 Qb7 20.b3 Ng6 21.g3 Ne7 22.Ra5 Nc6
23.Rxc5 Be7 24.Rb5 Qa7 25.Rxb8 Rxb8 26.Kg2 Bc5 27.Qe2 g6 28.h4 h5 29.Qb2 Kg7
30.Nxe5 Bd4 31.Nxc6 Bxc6 32.Qc2 Re8 33.Bd5 Bb5 34.Qd2 Re7 35.Rd1 Bf6 36.f4 Rd7
37.e5 Be7 38.Qc3 Rc7 39.Nc4 Qa2+ 40.Rd2 Qb1 41.e6+ f6 42.Qa5 Rc5 43.Qa7 Kf8
44.Bf3 Be8 45.Qa2 Qe1 46.Re2 Qb4 47.Ne3 Qb5 48.Nc4 Rc8 49.Qc2 Rb8 50.Re3 Qc5
51.Qd2 Bb5 52.Rc3 Rc8 53.Qc2 Kg7 54.Ne5 fxe5 55.Rxc5 Rxc5 56.Qe4 Bc6 57.Qe3 Bb5
58.Be2 Bc6+ 59.Bf3 Rc2+ 60.Kh3 Be8 61.Qxe5+ Bf6 62.Qe4 Rc3  1-0

[Event "JUG-chT"]
[Site "Nis"]
[Date "1994.??.??"]
[Round "?"]
[White "Radlovacki, Jovan"]
[Black "Ruchieva, Natalia"]
[Result "1-0"]
[WhiteElo "2375"]
[BlackElo "2310"]

1.e4 c5 2.Nf3 Nc6 3.Bb5 e6 4.O-O Nge7 5.c3 a6 6.Bxc6 Nxc6 7.d4 d5 8.exd5 Qxd5
9.Be3 cxd4 10.cxd4 Be7 11.Nc3 Qd8 12.Ne5 Bd7 13.Qg4 Bf6 14.Nxd7 Qxd7 15.d5 Ne5
16.Qg3 Ng6 17.dxe6 fxe6 18.Rad1 Qc6 19.Rd6 Qc8 20.Ne4 O-O 21.Rc1 Qe8 22.Qh3 Bxb2
23.Rb1 Nf4 24.Bxf4 Rxf4 25.Rxe6 Qa4 26.Qd3 Rc8 27.Ng5 g6 28.Rxg6+ Kh8 29.Rc6  1-0

[Event "JUG-chT"]
[Site "Nis"]
[Date "1994.??.??"]
[Round "?"]
[White "Komliakov, Viktor"]
[Black "Lekic, Dusan"]
[Result "1/2-1/2"]
[WhiteElo "2445"]
[BlackElo "2320"]

1.e4 c5 2.Nf3 Nc6 3.Bb5 d6 4.Bxc6+ bxc6 5.O-O e5 6.c3 g5 7.d3 h6 8.Nbd2 Bg7
9.Nc4 Ne7 10.Ne3 f5 11.exf5 Nxf5 12.d4 cxd4 13.cxd4 e4 14.Nxf5 Bxf5 15.Ne1 O-O
16.Be3 Be6 17.Qa4 Bd5 18.Nc2 a5 19.Bd2 Qb6 20.Bc3 Qb5 21.Qxb5 cxb5 22.Ne3 Bc4
23.Nxc4 bxc4 24.d5 Bxc3 25.bxc3 Rf5 26.Rfd1 Rb8 27.Rd4 Rb2  1/2-1/2

[Event "NLD-chT9495"]
[Site "?"]
[Date "1994.??.??"]
[Round "8"]
[White "Etmans, Maarten D"]
[Black "Witt, Rob"]
[Result "1-0"]
[WhiteElo "2230"]
[BlackElo "2330"]

1.e4 c5 2.Nf3 Nc6 3.Bb5 d6 4.O-O Bd7 5.c3 Nf6 6.Qe2 a6 7.Ba4 b5 8.Bc2 Bg4
9.h3 Bxf3 10.Qxf3 g6 11.a4 Rb8 12.axb5 axb5 13.d3 Bg7 14.Be3 Nd7 15.Nd2 O-O
16.Rfc1 Ra8 17.Qe2 Qb6 18.f4 Ra7 19.Qf2 Rfa8 20.Rab1 b4 21.Bb3 Rf8 22.Nc4 Qb7
23.d4 Na5 24.Nxa5 Rxa5 25.Bd5 Qb8 26.Bc6 cxd4 27.cxd4 Rd8 28.d5 Ra2 29.Bxd7 Rxd7
30.Rc6 b3 31.Rbc1 Rd8 32.Bd4 Qb5 33.Rc8 Ra8 34.R8c7 Rd7 35.Rc8+ Rd8 36.R8c7 Rd7
37.R1c6 Rxc7 38.Rxc7 Bf8 39.Kh2 Ra4 40.Rc1 Qd3 41.Be3 Rxe4 42.Rc3 Qxd5 43.Qf3 f5
44.Bf2 Qd2 45.Bg3 Qxb2 46.Rxb3 Qd4 47.Ra3 Qc4 48.Qd1 Kf7 49.Ra7 Bg7 50.Qxd6 Bd4
51.Rc7 Qd3 52.Bf2 Re3 53.Qd5+ Kg7 54.Rxe7+ Rxe7 55.Bxd4+  1-0

[Event "NLD-sf"]
[Site "?"]
[Date "1994.??.??"]
[Round "2"]
[White "Zagema, Wieb"]
[Black "Kuipers, Eelco"]
[Result "1-0"]
[WhiteElo "2355"]
[BlackElo "2035"]

1.e4 c5 2.Nf3 Nc6 3.Bb5 g6 4.O-O Bg7 5.c3 Nf6 6.e5 Nd5 7.d4 cxd4 8.cxd4 O-O
9.Re1 d6 10.Nc3 Nxc3 11.bxc3 Bg4 12.exd6 Qxd6 13.h3 Bxf3 14.Qxf3 e5 15.d5 Ne7
16.c4 Rfd8 17.Ba3 Qf6 18.Qxf6 Bxf6 19.f4 e4 20.Rad1 a6 21.Ba4 b5 22.Bb3 bxc4
23.Bxc4 Nf5 24.d6 Rac8 25.Bb3 Bd4+ 26.Kh2 Bc5 27.d7 Rc7 28.Bxc5 Rxc5 29.Rxe4 Kf8
30.Ba4 Ng7 31.g4 Ne6 32.Rf1 Rd5 33.f5 Rd4 34.fxe6 Rxe4 35.Rxf7+ Kg8 36.Re7  1-0

[Event "NLD-sf"]
[Site "?"]
[Date "1994.??.??"]
[Round "7"]
[White "Martens, Martin"]
[Black "Wiersma, Eelke"]
[Result "1/2-1/2"]
[WhiteElo "2415"]
[BlackElo "2180"]

1.e4 c5 2.Nf3 Nc6 3.Bb5 g6 4.O-O Bg7 5.c3 Nf6 6.Re1 O-O 7.h3 e5 8.d3 d6 9.Nbd2 Qc7
10.Nf1 a6 11.Ba4 b5 12.Bb3 h6 13.N3h2 Na5 14.Bc2 d5 15.Qf3 Qd6 16.Ng4 Nxg4
17.hxg4 d4 18.Qg3 Nc6 19.Bb3 Be6 20.Bxe6 Qxe6 21.cxd4 cxd4 22.Bd2 Rfc8 23.Qh3 a5
24.Rec1 Nb4 25.Rxc8+ Rxc8 26.a3 Nc2 27.Rc1 b4 28.axb4 axb4 29.Bxh6 Bxh6 30.Qxh6 Qb3
31.Nd2 Qxd3 32.Kh2 Ra8 33.Qg5 Ra1 34.Rxa1 Nxa1 35.Nf3 Qxe4 36.Nxe5 Nc2 37.Qf6 Qd5
38.Nxg6 fxg6 39.Qxg6+ Kh8 40.Qxc2 d3 41.Qd2 Qe5+ 42.f4 Qe2 43.Qxb4 d2 44.Qf8+ Kh7
45.Qf7+ Kh8 46.Qf8+ Kh7 47.Qf7+ Kh8 48.Qf8+  1/2-1/2

[Event "NOR-ch"]
[Site "?"]
[Date "1994.??.??"]
[Round "2"]
[White "Moen, Ole Christian"]
[Black "Dannevig, Oystein"]
[Result "1-0"]
[WhiteElo "2245"]
[BlackElo "2290"]

1.e4 c5 2.Nf3 Nc6 3.Bb5 e6 4.O-O Nge7 5.Re1 a6 6.Bf1 d5 7.exd5 Nxd5 8.c4 Nf6
9.b3 g6 10.Nc3 Bg7 11.Na4 Nd7 12.Rb1 O-O 13.Bb2 Bxb2 14.Rxb2 e5 15.a3 a5
16.Nc3 f6 17.g3 Nb6 18.Na4 Nxa4 19.bxa4 Rb8 20.Qb1 Bf5 21.d3 Rf7 22.Nh4 Be6
23.Bg2 Qd7 24.Rb6 Nd8 25.Re3 g5 26.Rxe6 Nxe6 27.Nf5 Kh8 28.Bd5 Rff8 29.Qb6 Nd4
30.Nd6 Nc6 31.Ne4 Ne7 32.Nxf6 Qf5 33.Ne4 Nxd5 34.cxd5 Rbc8 35.Qb2 Rfd8 36.Qb3 Rd7
37.d6 h6 38.Qd5 b6 39.Kg2 g4 40.f4 gxf3+ 41.Rxf3 Qg6 42.Qxe5+ Qg7 43.Rf6 Rf7
44.d7  1-0

[Event "BCF-ch"]
[Site "Norwich"]
[Date "1994.??.??"]
[Round "6"]
[White "Stephenson, F Norman"]
[Black "Hennigan, Michael"]
[Result "1-0"]
[WhiteElo "2245"]
[BlackElo "2440"]

1.e4 c5 2.Nf3 Nc6 3.Bb5 e6 4.O-O Nge7 5.c3 a6 6.Bxc6 Nxc6 7.d4 d5 8.exd5 Qxd5
9.dxc5 Qxd1 10.Rxd1 Bxc5 11.Nbd2 e5 12.Ne4 Be7 13.Be3 O-O 14.Bc5 Re8 15.Nd6 Bxd6
16.Rxd6 f6 17.Bb6 Be6 18.Nd2 f5 19.f3 a5 20.Nb3 Bxb3 21.axb3 e4 22.f4 Kf7
23.Rad1 Ra6 24.Bc5 Nb8 25.Rd8 Rc6 26.Ba7 Rc8 27.Rxc8 Rxc8 28.Rd5 Nc6 29.Rd7+ Ke6
30.Rxb7 Nxa7 31.Rxa7 Rb8 32.Ra6+ Ke7 33.Rxa5 g6 34.Re5+ Kf6 35.b4 Rd8 36.b5 Rd1+
37.Kf2 Rd2+ 38.Ke3 Rxb2 39.c4 Rb3+ 40.Kd4 h5 41.h4 Rd3+ 42.Kc5 Rd7 43.b6  1-0

[Event "BCF-ch"]
[Site "Norwich"]
[Date "1994.??.??"]
[Round "10"]
[White "Piper, Matthew"]
[Black "Gillani, Tunveer MD"]
[Result "1-0"]
[WhiteElo "2265"]
[BlackElo "2405"]

1.e4 c5 2.Nf3 Nc6 3.Bb5 g6 4.Bxc6 bxc6 5.O-O Bg7 6.Re1 Nf6 7.e5 Nd5 8.c4 Nc7
9.d4 cxd4 10.Qxd4 O-O 11.Nc3 d5 12.Qh4 Rb8 13.Bh6 f6 14.Bxg7 Kxg7 15.cxd5 cxd5
16.Qd4 Rb6 17.Rad1 Bb7 18.exf6+ exf6 19.Na4 Ne6 20.Qe3 Ra6 21.Nd4 Nxd4 22.Qxd4 Re8
23.Nc5 Rb6 24.Qa4 Rxe1+ 25.Rxe1 Qc8 26.b4 Kf7 27.a3 Ba6 28.Qa5 Rd6 29.Nxa6 Rxa6
30.Qxd5+ Kf8 31.h3 Rc6 32.b5 Rc7 33.a4 Re7 34.Qd6  1-0

[Event "SLO-ch"]
[Site "Nova Gorica"]
[Date "1994.??.??"]
[Round "?"]
[White "Barle, Janez"]
[Black "Riegler, Primoz"]
[Result "1-0"]
[WhiteElo "2440"]
[BlackElo "2250"]

1.e4 c5 2.Nf3 Nc6 3.Bb5 g6 4.c3 Nf6 5.Qe2 Bg7 6.O-O Qb6 7.d4 cxd4 8.cxd4 d5
9.exd5 Nxd5 10.Nc3 Nxc3 11.bxc3 O-O 12.a4 a6 13.Bc4 Bg4 14.Ba3 Qc7 15.Ba2 b5
16.h3 Bxf3 17.Qxf3 b4 18.Bd5 bxa3 19.Bxc6 Rac8 20.Bb7 Rb8 21.Rfb1 e5 22.dxe5 Qc5
23.Rb3 Bxe5 24.Rbxa3 a5 25.Rb3 Rfd8 26.Re1 Rd7 27.Rb5 Qc7 28.Rbxe5 Rxb7 29.Qf6  1-0

[Event "CZE-ch (Women)"]
[Site "Nymburk"]
[Date "1994.??.??"]
[Round "3"]
[White "Hallerova, Eva"]
[Black "Ptacnikova, Lenka"]
[Result "1/2-1/2"]
[WhiteElo "2225"]
[BlackElo "2240"]

1.e4 c5 2.Nf3 Nc6 3.Bb5 g6 4.c3 Bg7 5.O-O Nf6 6.Re1 O-O 7.d4 cxd4 8.cxd4 d5
9.e5 Ne8 10.Nc3 Bg4 11.Bxc6 bxc6 12.h3 Bxf3 13.Qxf3 Nc7 14.Qd3 Ne6 15.b3 Rc8
16.Ba3 Qd7 17.Na4 Rfe8 18.Nc5 Nxc5 19.Bxc5 e6 20.Rac1 Qb7 21.Rc2 Bh6 22.g3 Qb5
23.Qc3 a6 24.f4 Bf8 25.Rd1 Red8 26.Kf2 Rd7 27.Ke3 Rb7 28.Rdc1 Bxc5 29.Qxc5 Qxc5
30.Rxc5 Rb6 31.g4 Kf8 32.f5 Ke7 33.Kd3 exf5 34.gxf5 gxf5 35.Rg1 h6 36.Rc2 a5
37.Rf2 a4 38.bxa4 Ra8 39.Rxf5 Rxa4 40.Rg7 Ra3+ 41.Kc2  1/2-1/2

[Event "CZE-ch (Women)"]
[Site "Nymburk"]
[Date "1994.??.??"]
[Round "9"]
[White "Tallova, Ivana"]
[Black "Mackova, Eva"]
[Result "0-1"]
[WhiteElo "2085"]
[BlackElo "2150"]

1.e4 c5 2.Nf3 Nc6 3.Bb5 g6 4.Bxc6 bxc6 5.h3 Bg7 6.d3 d6 7.Nbd2 e5 8.c3 Ne7
9.O-O O-O 10.Nc4 Be6 11.Qa4 Qc7 12.Qa5 Qd7 13.Ng5 f5 14.Nxe6 Qxe6 15.exf5 Nxf5
16.Ne3 Ne7 17.Qa6 Kh8 18.Qc4 Nd5 19.Qg4 Qxg4 20.Nxg4 Rab8 21.g3 Kg8 22.Ne3 Nxe3
23.fxe3 Rxf1+ 24.Kxf1 Bh6 25.b3 e4 26.dxe4 Re8 27.Ke2 Rxe4 28.Bd2 Kf7 29.Rf1+ Ke6
30.Kd3 d5 31.Bc1 c4+ 32.Ke2 Bg7 33.Bd2 h5 34.Rf4 Be5 35.Rf8 Bxg3 36.Ra8 cxb3
37.axb3 Bd6 38.Rxa7 Rh4 39.Ra6 Kd7 40.Ra7+ Ke6 41.Ra6 Rxh3 42.Rxc6 Kd7 43.Ra6 g5
44.Ra5 Rh2+ 45.Kd3 g4 46.Rxd5 g3 47.e4 Ke6 48.Be3 h4 49.Rh5 Be5 50.Rh6+ Kf7
51.Rh5 Bf6 52.e5 Bd8 53.Rh6 g2 54.e6+ Kg7 55.Rh5 Rh3 56.Ke2 Rxe3+  0-1

[Event "Oberwart op"]
[Site "Oberwart"]
[Date "1994.??.??"]
[Round "6"]
[White "Maljutin, Evgeni"]
[Black "Baumegger, Siegfried"]
[Result "1-0"]
[WhiteElo "2495"]
[BlackElo "2205"]

1.e4 c5 2.Nf3 Nc6 3.Bb5 g6 4.Bxc6 bxc6 5.O-O Nf6 6.e5 Nd5 7.c4 Nc7 8.d4 cxd4
9.Qxd4 Ne6 10.Qh4 Qc7 11.Bh6 Bxh6 12.Qxh6 Bb7 13.Nc3 O-O-O 14.Rae1 Kb8 15.Ng5 Nxg5
16.Qxg5 d6 17.exd6 exd6 18.Re7 Rd7 19.Rfe1 f5 20.Rxd7 Qxd7 21.Qf6 Qd8 22.Re7 Bc8
23.c5 dxc5 24.Qe5+ Ka8 25.h3  1-0

[Event "Olot op"]
[Site "Olot"]
[Date "1994.??.??"]
[Round "?"]
[White "Deslandes, Pascal"]
[Black "Luecke, Norbert"]
[Result "0-1"]
[WhiteElo "2225"]
[BlackElo "2410"]

1.e4 c5 2.Nf3 Nc6 3.Bb5 g6 4.O-O Bg7 5.Bxc6 dxc6 6.h3 e5 7.b3 g5 8.Bb2 Qe7
9.Nh2 h5 10.Na3 g4 11.Nc4 gxh3 12.g3 Nh6 13.Ne3 Bf6 14.b4 Be6 15.bxc5 O-O-O
16.Qe2 Qxc5 17.a4 h4 18.gxh4 Bxh4 19.Ba3 Qd4 20.d3 Qd7 21.Kh1 f5 22.Nf3 Bf6
23.exf5 Nxf5 24.Ng4 Bd5 25.c4 Nd4  0-1

[Event "Orel2"]
[Site "Orel"]
[Date "1994.??.??"]
[Round "9"]
[White "Zaitsev, Igor A"]
[Black "Kazhgaleyev, Murtas"]
[Result "1-0"]
[WhiteElo "2460"]
[BlackElo "2490"]

1.e4 c5 2.Nf3 Nc6 3.Bb5 Nf6 4.e5 Nd5 5.Nc3 Nc7 6.a4 g6 7.Ne4 Ne6 8.c3 a6
9.Bxc6 dxc6 10.d4 cxd4 11.cxd4 Bg7 12.O-O O-O 13.h3 a5 14.Be3 h6 15.Qd2 Kh7
16.b4 f5 17.exf6 exf6 18.Nc5 b6 19.Nd3 axb4 20.Nxb4 c5 21.dxc5 Qxd2 22.Nxd2 f5
23.c6 f4 24.Bxb6 Bc3 25.Nd5 Bxd2 26.a5 f3 27.Rfd1 Bf4 28.g3 Be5 29.Ra3 Rf7
30.Re3 Bxg3 31.fxg3 f2+ 32.Kg2 Ba6 33.Rxe6 f1=Q+ 34.Rxf1 Bxf1+ 35.Kh2 Rc8
36.c7 Ba6 37.Nf6+ Kh8 38.Ne4 Bc4 39.Rxg6 Kh7 40.Rd6 Rcxc7 41.Bxc7 Rxc7 42.Nf6+  1-0

[Event "Orel"]
[Site "Orel"]
[Date "1994.??.??"]
[Round "10"]
[White "Zaitsev, Igor A"]
[Black "Kiselev, Sergey"]
[Result "1/2-1/2"]
[WhiteElo "2430"]
[BlackElo "2465"]

1.e4 c5 2.Nf3 Nc6 3.Bb5 g6 4.O-O Bg7 5.c3 Nf6 6.e5 Nd5 7.d4 cxd4 8.cxd4 O-O
9.Nc3 Nc7 10.a4 a6 11.Bc4 d6 12.exd6 Qxd6 13.d5 Ne5 14.Ne4 Nxf3+ 15.Qxf3 Qb4
16.b3 Bxa1 17.Bd2 Qa3 18.d6 exd6 19.Bc3 Bxc3 20.Qxc3 Ne8 21.Ra1 Qxa1+ 22.Qxa1 Be6
23.Bxe6 fxe6 24.h4 Rc8 25.h5 gxh5 26.Ng5 Rf6 27.Qd1 Rg6 28.f4 h4 29.Kh2 Rc7
30.b4 Rcg7 31.Nxe6 Rxe6 32.Qb3 d5 33.Qxd5 Nc7 34.Qxb7 Re2 35.Qc8+ Re8 36.Qh3 Nd5
37.Qb3 Rd8 38.Qc4 Kh8 39.Qd4 Rd7 40.f5 h5 41.Qe5 Kh7 42.f6 Rgf7 43.Qxh5+ Kg8
44.Qg6+ Kf8 45.Qh6+ Ke8 46.Qh8+ Rf8 47.f7+ Kxf7 48.Qh5+ Ke7 49.Qe5+  1/2-1/2

[Event "Oslo op"]
[Site "Oslo"]
[Date "1994.??.??"]
[Round "2"]
[White "Hector, Jonny"]
[Black "Gabrielsen, Trond"]
[Result "1-0"]
[WhiteElo "2515"]
[BlackElo "2220"]

1.e4 c5 2.Nf3 Nc6 3.Bb5 g6 4.Bxc6 dxc6 5.h3 Bg7 6.d3 e5 7.Be3 Qe7 8.Qd2 Nf6
9.Qc3 Nd7 10.Nbd2 O-O 11.a3 Re8 12.O-O b6 13.b4 Bf8 14.Nb3 f5 15.exf5 gxf5
16.bxc5 f4 17.Bxf4 exf4 18.Rae1 Qf7 19.Ng5 Qg6 20.Qc4+ Kg7 21.Rxe8 Qxg5 22.cxb6 Nxb6
23.Qxc6 Qd5 24.Qxd5 Nxd5 25.Rd8 Nf6 26.Re1 Bxa3 27.Nd4 Kf7 28.Nc6 a5 29.Ra1 Be7
30.Rd4 Bb7 31.Nxe7 Kxe7 32.Rxf4 Bc6 33.c4 a4 34.d4 Rc8 35.d5 Bd7 36.Re1+ Kf7
37.Re3  1-0

[Event "HUN-ch U20"]
[Site "Paks"]
[Date "1994.??.??"]
[Round "?"]
[White "Bodo, Norbert"]
[Black "Czebe, Attila"]
[Result "0-1"]
[WhiteElo "2275"]
[BlackElo "2355"]

1.e4 c5 2.Nf3 Nc6 3.Bb5 Qb6 4.Qe2 g6 5.O-O Bg7 6.c3 e6 7.Bxc6 bxc6 8.e5 f6
9.d3 Ne7 10.Nbd2 fxe5 11.Ne4 O-O 12.Be3 d5 13.Bxc5 dxe4 14.Bxb6 exf3 15.Qe3 fxg2
16.Rfd1 Nd5 17.Qc5 axb6 18.Qxc6 Ra7 19.Kxg2 Raf7 20.Rd2 Bh6 21.Rad1 Bb7 22.Qd6 Ne3+
23.Kg1 Nxd1  0-1

[Event "HUN-ch U20"]
[Site "Paks"]
[Date "1994.??.??"]
[Round "?"]
[White "Ruck, Tamas"]
[Black "Czebe, Attila"]
[Result "1-0"]
[WhiteElo "2320"]
[BlackElo "2355"]

1.e4 c5 2.Nf3 Nc6 3.Bb5 Qb6 4.Nc3 Nd4 5.a4 g6 6.d3 e6 7.O-O Bg7 8.Re1 Ne7
9.e5 a6 10.Bc4 Nec6 11.Ne4 Nxe5 12.Nxe5 Bxe5 13.c3 Nf5 14.Bg5 O-O 15.Nf6+ Bxf6
16.Bxf6 Qc6 17.b4 b6 18.b5 Qc7 19.g4 Ng7 20.Qd2 Ne8 21.Be7 d5 22.Bxf8 Kxf8
23.Qh6+ Ng7 24.Bb3 Bb7 25.bxa6 Rxa6 26.d4 Kg8 27.Qe3 Ne8 28.Qe5 Qd7 29.Bc2 Nd6
30.Qe2 Nc4 31.f3 Ra5 32.Reb1 Bc6 33.Bd3 Qa7 34.Bxc4 dxc4 35.dxc5 Rxc5 36.Rb4 b5
37.Qe3 h5 38.Rd1 Kh7 39.axb5 Bxf3 40.Qxf3  1-0

[Event "Pardubice op"]
[Site "Pardubice"]
[Date "1994.??.??"]
[Round "1"]
[White "Nikolenko, Oleg"]
[Black "Pisk, Petr"]
[Result "1-0"]
[WhiteElo "2475"]
[BlackElo "2250"]

1.e4 c5 2.Nf3 Nc6 3.Bb5 g6 4.O-O Bg7 5.Re1 Nf6 6.e5 Nd5 7.Nc3 Nxc3 8.dxc3 O-O
9.Bg5 Qc7 10.Qd2 a6 11.Bf1 Rd8 12.Rad1 d6 13.exd6 Rxd6 14.Qxd6 exd6 15.Re8+ Bf8
16.Rde1 Bd7 17.Rxa8 Nb8 18.Bc4 Bc6 19.Bd5 Bd7 20.Bf6 h6 21.Nh4 Be6 22.Bxe6 fxe6
23.Nxg6 e5 24.Nxf8 Kxf8 25.f4 b5 26.fxe5 Qb7 27.Rxb8+ Qxb8 28.exd6 Qc8 29.Re7 Qg4
30.d7 Qd1+ 31.Kf2 Qxc2+ 32.Ke3 Qc1+ 33.Ke4 Qc2+ 34.Ke5 Qe2+ 35.Kd6 Qd2+ 36.Kc7 Qf4+
37.Be5  1-0

[Event "Pardubice op"]
[Site "Pardubice"]
[Date "1994.??.??"]
[Round "4"]
[White "Wagner, Anselm"]
[Black "Stripunsky, Alexander"]
[Result "1-0"]
[WhiteElo "2355"]
[BlackElo "2480"]

1.e4 c5 2.Nf3 Nc6 3.Bb5 d6 4.Bxc6+ bxc6 5.h3 e5 6.O-O g5 7.b4 h5 8.bxc5 g4
9.Nh2 gxh3 10.g3 dxc5 11.Bb2 Bd6 12.Na3 Be6 13.d3 h4 14.g4 f6 15.Nc4 Rh7
16.Bc3 Qd7 17.Kh1 Bxc4 18.dxc4 Qe6 19.Qe2 Ne7 20.Rfd1 Ng6 21.Bd2 Rd8 22.Nf1 Nf4
23.Bxf4 exf4 24.Rab1 Rg7 25.f3 Rgd7 26.Kh2 Be5 27.Rxd7 Rxd7 28.Kxh3 Qd6 29.Qg2 Qe6
30.Qe2 a5 31.a4 Rd4 32.Nd2 Bc7 33.Kg2 h3+ 34.Kh1 Rd8 35.Nb3 Qe5 36.Qe1 Rd7
37.Qh4 Bd6 38.Qh8+ Bf8 39.Qh5+ Qxh5 40.gxh5 Rh7 41.Nxa5 Ra7 42.Rb8+ Kf7 43.Rb7+  1-0

[Event "Pardubice op2"]
[Site "Pardubice"]
[Date "1994.??.??"]
[Round "5"]
[White "Kosiorek, Marek"]
[Black "Vozka, Pavel"]
[Result "0-1"]
[WhiteElo "2000"]
[BlackElo "2140"]

1.e4 c5 2.Nf3 Nc6 3.Bb5 Qc7 4.O-O e6 5.c3 Nf6 6.Re1 a6 7.Ba4 b5 8.Bc2 Bb7
9.a4 b4 10.d4 bxc3 11.d5 Nb4 12.Nxc3 Be7 13.Bb1 e5 14.Nh4 g6 15.Bh6 Nh5 16.Nf5 d6
17.Ne3 Bf8 18.Bg5 f6 19.Bh4 Bg7 20.Ne2 O-O 21.Bg3 Bh6 22.Ng4 Bg5 23.h4 Bc8
24.Nxe5 Nxg3 25.Nxg3 fxe5 26.hxg5 Qe7 27.Qd2 Rf4 28.Ne2 Rg4 29.Ra3 Rxg5 30.Rg3 Rxg3
31.Nxg3 Bd7 32.a5 Rf8 33.Qh6 Rf4 34.Ne2 Rf7 35.f3 Qd8 36.f4 exf4 37.Nxf4 Qf6
38.Rf1 Qxb2 39.Kh1 Bb5 40.Re1 Qf2 41.Nxg6 Qxe1+ 42.Kh2 Qf2 43.e5 hxg6 44.Qxg6+ Rg7
45.Qe6+ Qf7 46.exd6 Bd7 47.Bf5 Nxd5  0-1

[Event "Pardubice op"]
[Site "Pardubice"]
[Date "1994.??.??"]
[Round "7"]
[White "Nikolenko, Oleg"]
[Black "Markov, Jurij"]
[Result "1/2-1/2"]
[WhiteElo "2475"]
[BlackElo "2450"]

1.e4 c5 2.Nf3 Nc6 3.Bb5 e6 4.O-O Nge7 5.Re1 Ng6 6.c3 a6 7.Bf1 Be7 8.d4 d6
9.g3 e5 10.dxc5 dxc5 11.Qxd8+ Bxd8 12.Be3 Be7 13.Nbd2 f5 14.exf5 Bxf5 15.Nb3 b6
16.Bg2 O-O-O 17.Ng5 Bxg5 18.Bxg5 Rd6 19.Nd2 Kc7 20.Nc4 Rd7 21.Bxc6 Kxc6 22.Nxe5+ Nxe5
23.Rxe5 Bg4 24.Rae1 h6 25.Be3 Rf8 26.h4 Bf3 27.Bf4 Rfd8 28.Re6+ Kb7 29.c4 Rd1
30.Re7+ Ka8 31.Kh2 Rxe1 32.Rxe1 Rd1 33.Re8+ Kb7 34.Re7+ Kc8 35.g4 g5 36.hxg5 hxg5
37.Bxg5 Bxg4 38.Re8+ Kb7 39.Re7+ Rd7 40.Re5 Rf7 41.f4 Bf5 42.b3 Bb1 43.Re2 b5
44.cxb5 axb5 45.Kg3 Kc6  1/2-1/2

[Event "Pardubice op"]
[Site "Pardubice"]
[Date "1994.??.??"]
[Round "8"]
[White "Shtyrenkov, Veniamen"]
[Black "Brendel, Oliver"]
[Result "1-0"]
[WhiteElo "2450"]
[BlackElo "2370"]

1.e4 c5 2.Nf3 Nc6 3.Bb5 g6 4.O-O Bg7 5.Re1 Nf6 6.c3 O-O 7.d4 cxd4 8.cxd4 d5
9.e5 Ne4 10.Nc3 Nxc3 11.bxc3 Bg4 12.Re3 Rc8 13.h3 Bd7 14.Bd3 Na5 15.Ng5 Rc6
16.h4 Nc4 17.Rg3 Qc8 18.Qf3 Nb6 19.Ba3 h6 20.Nh3 Rxc3 21.Bxe7 Rc1+ 22.Rxc1 Qxc1+
23.Kh2 Rc8 24.Bf6 Bxh3 25.Bxg7 Rc6 26.Bxg6 Rxg6 27.Rxg6 Be6 28.Bxh6+  1-0

[Event "Apsap IM"]
[Site "Paris"]
[Date "1994.??.??"]
[Round "3"]
[White "Collas, Didier"]
[Black "Roos, Jean Luc"]
[Result "1-0"]
[WhiteElo "2330"]
[BlackElo "2435"]

1.e4 c5 2.Nf3 Nc6 3.Bb5 g6 4.O-O Bg7 5.Re1 Nf6 6.c3 O-O 7.h3 a6 8.Bf1 d5
9.e5 Ne8 10.d4 cxd4 11.cxd4 Nc7 12.Nc3 h6 13.Be3 f5 14.exf6 exf6 15.Qb3 g5
16.Rad1 Rb8 17.Bd3 Be6 18.Bb1 Kh8 19.Na4 Bg8 20.Bd2 Nb5 21.Bb4 Nxb4 22.Qxb4 Nd6
23.Nc5 Re8 24.Rxe8 Nxe8 25.Re1 Qd6 26.Nh2 Nc7 27.Ng4 Bf8 28.Qd2 b6 29.Nb3 Re8
30.Rxe8 Nxe8 31.Qd3 Qe7 32.Qxa6 Nd6 33.Qd3 h5 34.Ne3 Nc4 35.Nd2 Nxe3 36.Qxe3 Qc7
37.Nf1 Bd6 38.Qf3 Kg7 39.Qxh5 Bf7 40.Qh7+ Kf8 41.Bc2 Bf4 42.g3 Bc1 43.Bg6 Bxb2
44.Qh8+ Ke7 45.Bxf7 Bxd4 46.Qe8+  1-0

[Event "Paris op"]
[Site "Paris"]
[Date "1994.??.??"]
[Round "3"]
[White "Strausz, Janos"]
[Black "Wagner, Claude"]
[Result "0-1"]
[WhiteElo "2285"]
[BlackElo "2330"]

1.e4 c5 2.Nf3 Nc6 3.Bb5 g6 4.O-O Bg7 5.Bxc6 bxc6 6.c3 Nh6 7.d4 cxd4 8.cxd4 O-O
9.Re1 d6 10.h3 f6 11.Nc3 Nf7 12.Be3 Bd7 13.Qd2 Rb8 14.Rac1 Kh8 15.Ne2 Qb6
16.b3 Qb7 17.Ng3 Qb5 18.Qc2 Rb7 19.Bd2 Kg8 20.Qc4 Qxc4 21.Rxc4 e5 22.Be3 exd4
23.Bxd4 c5 24.Ba1 Bc6 25.Nd2 Re8 26.f4 Bh6 27.Bxf6 Bxf4 28.Ngf1 Ne5 29.Bxe5 Bxe5
30.Rc2 Bd4+ 31.Kh1 Rbe7 32.Nc4 Bxe4 33.Rxe4 Rxe4 34.Nxd6 Re2  0-1

[Event "World op"]
[Site "Philadelphia"]
[Date "1994.??.??"]
[Round "?"]
[White "Akopian, Vladimir"]
[Black "Greanias, Steve"]
[Result "1-0"]
[WhiteElo "2605"]
[BlackElo "2325"]

1.e4 c5 2.Nf3 Nc6 3.Bb5 g6 4.O-O Bg7 5.Re1 Nf6 6.c3 O-O 7.d4 cxd4 8.cxd4 a6
9.Ba4 b5 10.Bb3 d6 11.h3 Bb7 12.Nc3 Nd7 13.Bg5 h6 14.Bh4 Re8 15.Rc1 Na5 16.Bd5 Bxd5
17.Nxd5 Ra7 18.Bxe7 Rxe7 19.Rc8  1-0

[Event "Plock op rapid"]
[Site "Plock"]
[Date "1994.??.??"]
[Round "5"]
[White "Barsegian, Ararat"]
[Black "Pekacki, Stanislaw"]
[Result "1-0"]
[WhiteElo "2330"]
[BlackElo "2190"]

1.e4 c5 2.Nf3 Nc6 3.Bb5 g6 4.Bxc6 dxc6 5.Nc3 Bg7 6.h3 Nf6 7.d3 O-O 8.Be3 b6
9.Qd2 Nd7 10.Bh6 Qc7 11.h4 Ne5 12.h5 Nxf3+ 13.gxf3 Qe5 14.O-O-O Bxh6 15.Qxh6 Qg7
16.Qe3 g5 17.h6 Qg6 18.Rdg1 f6 19.f4 Kf7 20.fxg5 f5 21.f4 Be6 22.Re1 Rfe8
23.Kb1 Rad8 24.Ne2 Rd6 25.Ng1 Kg8 26.Nf3 Bf7 27.Ne5 Qe6 28.b3 Bg6 29.Rhg1 a5
30.Nc4 Rd4 31.Nxb6 fxe4 32.dxe4 Bxe4 33.Qc3 Qg6 34.Nc4 Red8 35.Re2 a4 36.bxa4 Qe6
37.Rge1 Qxc4 38.Qxc4+ Rxc4 39.Rxe4 Rd1+ 40.Kb2 Rb4+  1-0